Fundamentals of measurement: techniques and practices /

Bibliographic Details
Main Author: Downie, N. M. (Norville Morgan), 1910-
Format: Book
Language:English
Published: New York : Oxford University Press, 1967.
Edition:2d ed.
Subjects:

MARC

Tag First Indicator Second Indicator Subfields
LEADER 00000cam a22000001 4500
001 in00000084624
005 20151008053158.0
008 740514s1967 nyua b 00010 eng
010 |a  67010855  
035 |a (OCoLC)00187525 
035 |9 AAH6543AM 
040 |a DLC  |c DLC  |d TXA  |d UtOrBLW 
049 |a TXAM  |c [474383] 
050 0 0 |a LB3051  |b .D65 1967 
082 0 |a 371.26 
092 |a 371.26  |b D751f, 1967 
100 1 |a Downie, N. M.  |q (Norville Morgan),  |d 1910- 
245 1 0 |a Fundamentals of measurement: techniques and practices /  |c [by] N. M. Downie. 
250 |a 2d ed. 
264 1 |a New York :  |b Oxford University Press,  |c 1967. 
300 |a xiii, 482 pages :  |b illustrations ;  |c 22 cm. 
336 |a text  |b txt  |2 rdacontent 
337 |a unmediated  |b n  |2 rdamedia 
338 |a volume  |b nc  |2 rdacarrier 
504 |a Includes bibliographies. 
650 0 |a Educational tests and measurements. 
999 |a MARS 
999 f f |s 14774611-10ff-3817-8247-7324f32d2d75  |i 808f5af3-4ec7-3222-9292-54ff61073dec  |t 0 
952 f f |p ric  |a Texas A&M University  |b Rellis Campus  |c Joint Library Facility  |d Remote Storage  |t 0  |e LB3051 .D65 1967  |h Library of Congress classification  |i unmediated -- volume  |m A14800833060 
998 f f |a LB3051 .D65 1967  |t 0  |l Remote Storage